| 000 | 01066nam a2200205 a 4500 | ||
|---|---|---|---|
| 001 | 57529 | ||
| 005 | 20180714053743.0 | ||
| 008 | 140415s1994 mx 000 0 spa d | ||
| 020 | _a9684760175 | ||
| 041 | _aspa | ||
| 082 |
_a300.1 _bMAR |
||
| 100 | 1 | _aMARDONES, J. M. | |
| 245 | 1 | 0 |
_aFILOSOFIA DE LAS CIENCIAS HUMANAS Y SOCIALES : _bMATERIALES PARA UNA FUNDAMENTACION CIENTIFICA |
| 250 | _a1a ed. | ||
| 260 |
_aMEXICO : _bFONTAMARA, _c1994 |
||
| 300 |
_a243 _c13 x 1.3 x 20.9 |
||
| 490 | _aBREVIARIOS DEL FONDO DE CULTURA ECONOMICA | ||
| 520 | _aEL PRESENTE LIBRO TRATA SOBRE LA FILOSOFIA DE LAS CIENCIAS HUMANAS Y SOCIALES. EL LIBRO PRETENDE , ADEMAS , RESPONDER A UNA CUESTION FUNDAMENTAL Y CANDENTE : ¿SON CIENCIAS LAS DISCIPLINAS HUMANAS Y SOCIALES? SI LO SON, ¿QUE CLASE DE CIENCIAS SON?. LOS AUTORES DE LA SELECCION OFRECEN LAS DISTINTAS RESPUESTAS A ESTAS CUESTIONES DESDE DISTINTOS CAMPOS DEL PENSAMIENTO. | ||
| 650 | 1 | 4 |
_aCIENCIAS SOCIALES _xMETODOLOGIA _xEPISTEMOLOGIA _xFILOSOFIA DE LA CIENCIA _xHUMANIDADES _xCIENCIAS SOCIALES _xTEORIA |
| 999 |
_c57529 _d57529 |
||